| 000 | 00625nam a2200205Ia 4500 | ||
|---|---|---|---|
| 008 | 151119s9999||||xx |||||||||||||| ||und|| | ||
| 082 | _a28.5 | ||
| 082 | _bGKKV32692 | ||
| 100 | _aरेचल गडकर | ||
| 245 | _aबिरबल आणि बादशहा | ||
| 260 | _aमुंबई | ||
| 260 | _bजयहिंद प्रकाशन | ||
| 260 | _c2014 | ||
| 300 | _a80pp.p.p. | ||
| 600 | _aरेचल गडकर | ||
| 630 | _aबिरबल आणि बादशहा | ||
| 700 | _aरेचल गडकर | ||
| 730 | _aबिरबल आणि बादशहा | ||
| 942 | _cBOOK | ||
| 999 |
_c1084994 _d1084991 |
||